| 000 | 00745nam a2200229Ia 4500 | ||
|---|---|---|---|
| 003 | GCL | ||
| 008 | 140319s9999 xx 000 0 ara d | ||
| 040 |
_aGCL / _cGCL |
||
| 082 | 0 | 4 |
_a109 _bا ك |
| 100 | 1 | _aاحمد محمد الشنوانى | |
| 245 | 1 | 0 |
_aكتب غيرت الفكر الانسانى / _cاحمد محمد الشنوانى |
| 260 |
_a[S.N] : _bالهيئة المصرية العامة للكتاب ، _c1994 |
||
| 300 | _a311 ص | ||
| 490 |
_aالالف كتاب _v0 |
||
| 650 | 0 | 4 | _aالحضارة |
| 650 | 0 | 4 | _aالثقافة |
| 650 | 0 | 4 | _aالعلم والحضارة |
| 650 | 0 | 4 | _aالحركات الفكرية |
| 650 | 0 | 4 | _aالكتب النادرة |
| 650 | 0 | 4 | _aالحضارة القديمة |
| 942 |
_2ddc _cBK |
||
| 999 |
_c36160 _d36160 |
||